Приказни истории от Оскар Уайлд (Запис номер 326914)
[ съкратено ]
| 000 -Лидер | |
|---|---|
| Контролно поле с фиксирана дължина | 01349nam a2200325 a 4500 |
| 003 - Код на организацията, давaща контролен номер | |
| Контролно поле | BLK |
| 005 - Дата и час на последна редакция | |
| Контролно поле | 20241104111040.0 |
| 008 - Елементи от данни с фиксирана дължина | |
| fixed length control field | 181130b bu ||||| |||| 00| 0 bu d |
| 020 ## - Международен стандартен номер на книга ISBN | |
| Международен стандартен номер на книга ISBN | 9789542962540 |
| 040 ## - Източник на каталожния запис | |
| Идентификатор на билиотеката - собственик на записа | BLK |
| 041 ## - Код за език | |
| Код за езика на текст/звукозапис или на отделно заглавие | Български |
| Код за езика КДБФ | Български |
| 100 1# - Редна дума - Автор | |
| Автор | Уайлд, Оскар |
| Дати, свързани с автора | 1854 - 1900 |
| Автор - информация (биография) | Английски писател, поет, драматург |
| Пълна форма на името | Уайлд, Оскар Фингъл О'Флеърти Уилс |
| R(LIN) | 132080 |
| 139 ## - Редно поле | |
| Редна дума | Уайлд, Оскар |
| Авторски знак | Уа - У 12 |
| 240 ## - Унифицирано заглавие | |
| Унифицирано заглавие | The happy prince and other tales, A house of pomegranates. |
| 245 ## - Сведения за заглавието | |
| Заглавие | Приказни истории от Оскар Уайлд |
| 260 ## - Област на издателските данни | |
| 9 (RLIN) | 217700 |
| Място на издаване, разпространение и проч. | София |
| Име на издателя, разпространителя и проч. | Апостроф |
| Година на издаване | 2017 г. |
| Печатница | Ропринт |
| Издателство - префикс ISBN | 978-954-2962- |
| 300 ## - Физическа характеристика | |
| Страници | 269 с |
| Илюстрации и др. | с ил. |
| Размери/Мащаб | 21 см |
| 380 ## - Жанр | |
| Жанр | Худож. лит. |
| 500 ## - Общи забележки | |
| Забележка | Прев. по: The happy prince and other tales, A house of pomegranates / Oscar Wilde |
| 650 #7 - Допълнително описание по предмет – тема | |
| 9 (RLIN) | 167773 |
| Основно описание – тема или топоним | Приказки |
| 653 #7 - Ключова дума – ненормативна | |
| 9 (RLIN) | 193019 |
| Ключова дума | Оскар Уайлд |
| 653 #7 - Ключова дума – ненормативна | |
| 9 (RLIN) | 185334 |
| Ключова дума | добро |
| 653 #7 - Ключова дума – ненормативна | |
| 9 (RLIN) | 194508 |
| Ключова дума | приказни повести |
| 700 ## - Други автори (авторска отговорност) | |
| 9 (RLIN) | 966 |
| Лично име | Флорин, Сидер |
| Автороска отговорност (Описва отношението между автора и произведението) | прев. |
| 700 ## - Други автори (авторска отговорност) | |
| 9 (RLIN) | 1311 |
| Лично име | Мираз, Христина |
| Автороска отговорност (Описва отношението между автора и произведението) | ред. |
| 700 ## - Други автори (авторска отговорност) | |
| 9 (RLIN) | 390420 |
| Лично име | Грета Петрова |
| Автороска отговорност (Описва отношението между автора и произведението) | кор. |
| 852 ## - Местоположение | |
| Форматна сигнатура | Цб 292027 |
| 999 ## - СИСТЕМНИ КОНТРОЛНИ НОМЕРА | |
| Koha biblionumber | 326914 |
| Koha biblioitemnumber | 326914 |
| 942 ## - АРТИКУЛИ | |
| Вид на библиотечния материал | Книги |
| Скрит в OPAC | Не |
| 944 ## - СЪЗДАВАНЕ И РЕДАКЦИЯ на ЗАПИСА | |
| Създаване/Редакция | Създаване |
| Дата на регистрацията/редакция | 2018-11-30 |
| Служител, извършил регистрацията/редакцията | 30560 |
| Статус, дата на статуса | Геновева Генчева |
| Код за отписване | Код за изгубен артикул | Източник на класификационната схема | Код за повреда | Коз за рестрикции | Код за отдаване | Артикулен № | Име на библиотеката - собственик | Име на библиотеката, в която се намира в момента | Статус (Текущо местоположение) | Дата на вписване в системата | Местоположение - отдел | Цена в лева | Систематично азбучна сигнатура | Баркод | Цена в евро | Служебен тип на артикула |
|---|---|---|---|---|---|---|---|---|---|---|---|---|---|---|---|---|
| Не е изгубен | Universal Decimal Classification | Не е повреден | без рестрикции | ползва се в читалня | 684389 | Регионална библиотека "Любен Каравелов" Русе | Регионална библиотека "Любен Каравелов" Русе | Хранилище | 2018-12-05 | Хранилище | 9.99 | Цб 292027 | 120000826094 | 5.11 | Книги |